000 00737 a2200193 4500
010 _aENG-85319
020 _a818318636X (vol.1)
_c750.00 each bk
035 _aEN-68852
037 _bD.B.Act / Pub
082 1 4 _a530
100 1 _aSarode, R. T.
245 1 _aCollege physics
_bwave mechanics and special relativity, heat, sound
_cby R. T. Sarode
260 _aDelhi
_bHimalaya Publishing House
_c2007
270 _aPooja Apartment, 4-B, Murari Lal Street, Ansari Road, Darya Ganj
_bDelhi
_e110 002
_k011-23270392
_l011-23256286
_mhimpub@vsnl.com
300 _aV.1 (302p.)
_c24 cm. (Hb.)
490 _v3 vols.
942 _adpl
_cEN
_k530 / SAR
999 _c2016
_d2016